| 000 | 00414nam a2200157 a 4500 | ||
|---|---|---|---|
| 001 | 15628 | ||
| 005 | 20180713204340.0 | ||
| 008 | 140415s1958 000 0 spa d | ||
| 041 | _aspa | ||
| 082 |
_a635.9 _bSUN |
||
| 245 | 0 | 0 | _aSUNSET IDEAS FOR COLOR IN YOUR GARDEN |
| 260 |
_a[s.l.] : _bLANE BOOK, _c1958 |
||
| 300 | _a80 | ||
| 490 |
_aLANE _v315 |
||
| 650 | 1 | 4 |
_aJARDINERIA _xJARDINERIA ARTISTICA |
| 999 |
_c15628 _d15628 |
||